000 00432cam a2200181ua 4500
020 _c3/75
041 _ahin
_h
082 _a891.54
_bVRI/PR
100 _aVrindavanlal , Varma .
245 _aPratyagat /
_cVarma Vrindavanlal.
_hTextual Documents
250 _a1 /
_b.
260 _a :
_bGanga Pustakamala Karyalay ,
_c1969.
300 _a220 ; .
365 _a3/75
504 _a
942 _cBK
999 _c2834
_d2834